Conciliation entre vies professionnelle et familiale et renoncement à l'enfant (Registro nro. 35018)
[ vista simple ]
| 000 -CABECERA | |
|---|---|
| Longitud fija campo de control | 01199naa a2200349 c 4500 |
| 001 - NÚMERO DE CONTROL | |
| Número de control | 35018 |
| 003 - IDENTIFICADOR DE NÚMERO DE CONTROL | |
| Identificador del número de control | ES-MaCES |
| 005 - FECHA Y HORA DE LA ÚLTIMA TRANSACCIÓN | |
| Fecha y hora de la última transacción | 20050602094600.0 |
| 008 - CAMPO FIJO DE DESCRIPCIÓN FIJA--INFORMACIÓN GENERAL | |
| Códigos de información de longitud fija | 050602n2005 fr t 000 | fre d |
| 035 ## - NÚMERO DE CONTROL DEL SISTEMA | |
| Número de control del sistema | CES20050005005v |
| 040 ## - FUENTE DE CATALOGACIÓN | |
| Centro catalogador de origen | ES-MaCES |
| Lengua de catalogación | spa |
| Centro transcriptor | ES-MaCES |
| 100 1# - ENCABEZAMIENTO PRINCIPAL--NOMBRE PERSONAL | |
| Nombre de persona | Cette, Gilbert |
| 9 (RLIN) | 9448 |
| 245 10 - MENCIÓN DE TÍTULO | |
| Título | Conciliation entre vies professionnelle et familiale et renoncement à l'enfant |
| Mención de responsabilidad, etc. | Gilbert Cette, Nicolas Dromel, Dominique Méda |
| 504 ## - NOTA DE BIBLIOGRAFÍA, ETC. | |
| Nota de bibliografía, etc. | Bibliografía: p.9-10 |
| 650 #4 - ASIENTO SECUNDARIO DE MATERIA--TÉRMINO DE MATERIA | |
| Término de materia o nombre geográfico como elemento inicial | teoría económica |
| 9 (RLIN) | 27076 |
| 650 #4 - ASIENTO SECUNDARIO DE MATERIA--TÉRMINO DE MATERIA | |
| Término de materia o nombre geográfico como elemento inicial | fecundidad |
| 9 (RLIN) | 28504 |
| 650 #4 - ASIENTO SECUNDARIO DE MATERIA--TÉRMINO DE MATERIA | |
| Término de materia o nombre geográfico como elemento inicial | salario |
| 9 (RLIN) | 28387 |
| 650 #4 - ASIENTO SECUNDARIO DE MATERIA--TÉRMINO DE MATERIA | |
| Término de materia o nombre geográfico como elemento inicial | trabajadora madre de familia |
| 9 (RLIN) | 29565 |
| 650 #4 - ASIENTO SECUNDARIO DE MATERIA--TÉRMINO DE MATERIA | |
| Término de materia o nombre geográfico como elemento inicial | mujeres |
| 9 (RLIN) | 28657 |
| 650 #4 - ASIENTO SECUNDARIO DE MATERIA--TÉRMINO DE MATERIA | |
| Término de materia o nombre geográfico como elemento inicial | cuidado infantil |
| 9 (RLIN) | 27062 |
| 650 #4 - ASIENTO SECUNDARIO DE MATERIA--TÉRMINO DE MATERIA | |
| Término de materia o nombre geográfico como elemento inicial | responsabilidades familiares |
| 9 (RLIN) | 30598 |
| 650 #4 - ASIENTO SECUNDARIO DE MATERIA--TÉRMINO DE MATERIA | |
| Término de materia o nombre geográfico como elemento inicial | conciliación |
| 9 (RLIN) | 27303 |
| 650 #4 - ASIENTO SECUNDARIO DE MATERIA--TÉRMINO DE MATERIA | |
| Término de materia o nombre geográfico como elemento inicial | vida activa |
| 9 (RLIN) | 29550 |
| 650 #4 - ASIENTO SECUNDARIO DE MATERIA--TÉRMINO DE MATERIA | |
| Término de materia o nombre geográfico como elemento inicial | vida privada |
| 9 (RLIN) | 29238 |
| 653 10 - TÉRMINO DE INDEXACIÓN--NO CONTROLADO | |
| Término no controlado | Mujer |
| 700 1# - ENCABEZAMIENTO SECUNDARIO--NOMBRE PERSONAL | |
| Nombre de persona | Méda, Dominique |
| 9 (RLIN) | 18282 |
| 700 1# - ENCABEZAMIENTO SECUNDARIO--NOMBRE PERSONAL | |
| Nombre de persona | Dromel, Nicolas |
| 9 (RLIN) | 10984 |
| 773 0# - ENTRADA DE DOCUMENTO FUENTE | |
| Título | Problèmes économiques |
| Parte(s) relacionada(s) | nº 2875 (11 mai 2005){10191 R. 060555}; p. 2-10 |
| Número de control del registro relacionado | (ES-MaCES)25207 |
| Itemnumber del ítem fuente | 42421 |
| 902 ## - CES. TIPO DE DOCUMENTO | |
| Tipodoc (006$c Sirtex) | ART Artículo de revista |
| 942 ## - ELEMENTOS KOHA | |
| Fuente de clasificaión o esquema | Clasificación propia del CES |
| Koha [por defecto] tipo de item | Artículos (1982-2017) |
| Parte de clasificación | 3.3. |
No hay ítems disponibles.
